Reyes y Reinas de España - Estadísticas

Estadísticas generales
  • Esta prueba ha sido intentada 348 veces
  • La puntuación promedio es 21 de 24
Estadísticas de respuestas
Casa Real Reinado Sobrenombre Monarca % Correcto
Casa de Trastámara 1474 – 1504 la Católica Isabel I
97%
Casa de Trastámara 1506* el Hermoso Felipe I
94%
Casa de Borbón 1700 – 1724 el Animoso Felipe V
94%
Casa de Borbón 1724 – 1746 el Animoso Felipe V
94%
Casa de Habsburgo 1556 – 1598 el Prudente Felipe II
93%
Casa de Habsburgo 1516 – 1556 el César Carlos I
92%
Casa de Trastámara 1504 – 1555 la Loca Juana I
92%
Casa de Habsburgo 1665 – 1700 el Hechizado Carlos II
91%
Casa de Habsburgo 1598 – 1621 el Piadoso Felipe III
91%
Casa de Borbón 2014 – Felipe VI
91%
Casa de Habsburgo 1621 – 1665 el Grande Felipe IV
90%
Casa de Borbón 1975 –2014 Juan Carlos I
90%
Casa de Trastámara 1475 – 1504* el Católico Fernando V
89%
Casa de Borbón 1759 – 1788 el Político Carlos III
88%
Casa de Borbón 1833 – 1868 la Reina Castiza Isabel II
88%
Casa de Borbón 1788 – 1808 el Cazador Carlos IV
86%
Casa de Borbón 1746 – 1759 el Justo Fernando VI
83%
Casa de Borbón 1874 – 1885 el Pacificador Alfonso XII
82%
Casa de Borbón 1886 – 1931 el Africano Alfonso XII
82%
Casa de Bonaparte 1808-1813 el Intruso José I
82%
Casa de Borbón 1808 el Deseado Fernando VII
81%
Casa de Borbón 1814 – 1833 el Deseado Fernando VII
81%
Casa de Saboya 1871 – 1873 el Electo Amadeo I
80%
Casa de Borbón 1724 el Bien Amado Luis I
69%
No se encontraron pruebas coincidentes
Distribución de puntuación
Porcentaje de gente con cada puntuación
Porcentaje por número respondido
Historial de tus puntuaciones
No has intentado esta prueba.